| 000 | 03384cam a2200349 a 4500 | ||
|---|---|---|---|
| 001 | 13105330 | ||
| 003 | ARRUPE | ||
| 005 | 20150911104729.0 | ||
| 008 | 030226s1999 enka b 001 0 eng | ||
| 010 | _a 2003389338 | ||
| 015 | _aGB99-44157 | ||
| 020 | _a0907845401 | ||
| 035 | _a(OCoLC)ocm41547227 | ||
| 040 |
_aUKM _cUKM _dIAI _dQP9 _dDLC |
||
| 042 | _alccopycat | ||
| 050 | 0 | 0 |
_aBF697 _b.M568 1999 |
| 082 | 0 | 0 |
_a155.2 _222 |
| 100 |
_aGallagher, Shaun (ed.) _918064 |
||
| 245 | 0 | 0 |
_aModels of the self / _cedited by Shaun Gallagher and Jonathan Shear. |
| 260 |
_aThorverton, UK : _bImprint Academic, _cc1999. |
||
| 300 |
_axviii, 524 p. : _bill. ; _c26 cm. |
||
| 504 | _aIncludes bibliographical references and index. | ||
| 505 | 0 | _aPhilosophical controversies. 'The self' / Galen Strawson -- Know thyself / Kathleen V. Wilkes -- Unified consciousness and the self / Andrew Brook -- There is no problem of the self / Eric T. Olson -- The self is a semiotic process / John Pickering -- Cognitive and neuroscientific models. Three laws of qualia: what neurology tells us about the biological functions of consciousness, qualia and the self / V.S. Ramachandran & W. Hirstein -- The periconscious substrates of consciousness: affective states and the evolutionary origins of the self / Jaak Panksepp -- Consciousness as self-function / Donald Perlis -- An interpretation of the 'self' from the dynamical systems perspective: a constructivist approach / Jun Tani -- The dialogue of the soul with itself / James Blachowicz -- Developmental and phenomenological constraints. A developmental-ecological perspective on Strawson's 'The self' / George Butterworth -- Mental and bodily awareness in infancy: consciousness of self-existence / Maria Legerstee -- Phenomenology and agency: methodological and theoretical issues in Strawson's 'The self' / Maxine Sheets-Johnstone -- Phenomenal consciousness and self awareness: a phenomenological critique of representational theory / D. Zahavi & J. Parnas -- Pathologies of the self. The self in contextualized action / Shaun Gallagher and Anthony J. Marcel -- On 'being faceless': selfhood and facial embodiment / Jonathan Cole -- Schizophrenia, self-consciousness and the modern mind / Louis A. Sass -- Pathologically divided minds, synchronic unity and models of self / Jennifer Radden -- Meditation-based approaches. What does mysticism have to teach us about consciousness? / Robert Forman -- A rDzogs-chen Buddhist interpretation of the sense of self / Jeremy Hayward -- Consciousness it/self / Steven W. Laycock -- Experiential clarification of the problem of self / Jonathan Shear -- 'I' = awareness / Arthur J. Deikman -- Further methodological questions. Reduction and the self / José Louis Bermúdez -- Subject and object / Mait Edey -- Exceptional persons: on the limits of imaginary cases / Tamar Szabó Gendler -- Being scientific about our selves / Mary Midgley -- Response from keynote author: The self and SESMET / Galen Strawson. | |
| 650 | 0 |
_aSelf. _911306 |
|
| 650 | 0 |
_aConsciousness. _919749 |
|
| 650 | 0 |
_aMind and body. _914387 |
|
| 700 | 1 |
_aGallagher, Shaun, _d1948- _919750 _eed. |
|
| 700 | 1 |
_aShear, J. _q(Jonathan) _914551 _eed. |
|
| 906 |
_a7 _bcbc _ccopycat _d2 _encip _f20 _gy-gencatlg |
||
| 942 |
_2lcc _cMONOGRAPH |
||
| 999 |
_c123378 _d123378 |
||